Szczegóły MARC21

Gospodarowanie majątkiem trwałym w przedsiębiorstwie /

003 -Nazwa inst., której nr kontr. jest w polu 001 [,]
    • @
    • Nazwa instytucji, której n kontrolny jest w polu 001
    • NUKAT
005 -DATA I CZAS OSTATNIEJ MODYFIKACJI [,]
    • @
    • pole kontrolne
    • 20241231085438.0
040 -Instytucja sporządzająca opis [ , ]
    • a
    • Instytucja, która sporządziła opis (NP)
    • GD U/EN
    • c
    • Instytucja, która sporządziła rekord (NP)
    • GD U/EN
    • d
    • Instytucja, która zmodyfikowała rekord (P)
    • GD U/ENs
    • d
    • Instytucja, która zmodyfikowała rekord (P)
    • GD U/as
    • d
    • Instytucja, która zmodyfikowała rekord (P)
    • WA M/ES
942 -Rodzaj dokumentu [ , ]
    • c
    • Rodzaj dokumentu
    • Książka
100 -Hasło główne - nazwa osobowa [1, ]
    • a
    • Nazwa osobowa (NP)
    • Janasz, Władysław
    • d
    • Daty biograficzne (NP)
    • (1940- ).
    • 9
    • KHW
    • 43427
245 -Strefa tytułu i oznaczenia odpowiedzialności [1,0]
    • a
    • Tytuł
    • Gospodarowanie majątkiem trwałym w przedsiębiorstwie / Find
    • c
    • Pozostałe elementy strefy tytułu i oznaczenia odpowiedzialności (NP)
    • Władysław Janasz ; Uniwersytet Szczeciński. Instytut Ekonomiki Produkcji.
250 -Strefa wydania [ , ]
    • a
    • Oznaczenie wydania (NP)
    • Wyd. 2.
260 -Strefa adresu wydawniczego [ , ]
    • a
    • Miejsce wydania (P)
    • Szczecin :
    • b
    • Nazwa wydawcy (P)
    • Wydawnictwo Naukowe Uniwersytetu Szczecińskiego,
    • c
    • Data wydania (P)
    • 1991.
300 -Strefa opisu fizycznego [ , ]
    • a
    • Określenie formy książki i/lub objętość (NP)
    • 349 s. ;
    • c
    • Format (NP)
    • 24 cm.
336 -Typ zawartości [ , ]
    • a
    • Termin opisujący typ zawartości
    • Tekst
    • b
    • Kod określający zawartość
    • txt
    • 2
    • Źródło (terminu i kodu)
    • rdacontent
337 -Typ mediów [ , ]
    • a
    • Tryb odtwarzania
    • Bez urządzenia pośredniczącego
    • b
    • Kod typu mediów
    • n
    • 2
    • Źródło (terminu i kodu)
    • rdamedia
338 -Typ/rodzaj nośnika [ , ]
    • a
    • Hasło opisujące typ nośnika
    • Wolumin
    • b
    • Kod typu nośnika
    • nc
    • 2
    • Źródło (terminu i kodu)
    • rdacarrier
504 -Uwaga dot. bibliogr. załącznikowej [ , ]
    • a
    • Uwaga dot. bibliografii załącznikowej
    • Bibliogr. przy rozdz.
510 -Uwaga dot. cytaty bibliograficznej [4, ]
    • a
    • Nazwa źródła
    • PB'1991,
    • c
    • Umiejscowienie w źródle
    • 10890.
080 -Uniwersalna Klasyfikacja Dziesiętna [ , ]
    • 2
    • Identyfikator wydania tablic
    • UDC-P058
    • 9
    • UKD
    • 5626
    • a
    • Symbol klasyfikacji
    • 658.2
    • b
    • Dopowiedzenie
    • Zakłady, fabryki, warsztaty: budynki, urządzenia, środki produkcji. Majątek trwały. Środki trwałe. Lokalizacja.
    • 4
    • UKD2
    • 7665
    • x
    • Poddział wspólny
    • (075.8)
    • c
    • Dopowiedzenie poddz. wspólnego
    • (Podręczniki dla szkół wyższych. Skrypty).
080 -Uniwersalna Klasyfikacja Dziesiętna [ , ]
    • 2
    • Identyfikator wydania tablic
    • UDC-P058
    • 9
    • UKD
    • 5633
    • a
    • Symbol klasyfikacji
    • 658.56
    • b
    • Dopowiedzenie
    • Kontrola jakości. Kontrola narzędzi, materiałów i produktów.
    • 4
    • UKD2
    • 7665
    • x
    • Poddział wspólny
    • (075.8)
    • c
    • Dopowiedzenie poddz. wspólnego
    • (Podręczniki dla szkół wyższych. Skrypty).
080 -Uniwersalna Klasyfikacja Dziesiętna [ , ]
    • 2
    • Identyfikator wydania tablic
    • UDC-P058
    • 9
    • UKD
    • 5637
    • a
    • Symbol klasyfikacji
    • 658.58
    • b
    • Dopowiedzenie
    • Remont i konserwacja zakładów, maszyn i urządzeń. Gospodarka remontowa.
    • 4
    • UKD2
    • 7665
    • x
    • Poddział wspólny
    • (075.8)
    • c
    • Dopowiedzenie poddz. wspólnego
    • (Podręczniki dla szkół wyższych. Skrypty).
650 -Hasło przedmiotowe [ ,7]
    • a
    • Hasło przedmiotowe
    • Środki trwałe.
    • 2
    • Źródło terminu
    • kaba
    • 9
    • KHW
    • 140653
980 -Symbol UKD [ , ]
    • a
    • UKD
    • 658.2:658.56:658.58](075.8)
710 -Hasło dodatkowe - nazwa ciała zbiorowego [2, ]
    • a
    • Nazwa ciała zbiorowego lub nazwa geograficzna jako pierwszy element (NP)
    • Uniwersytet Szczeciński.
    • b
    • Nazwa jednostki podrzędnej (P)
    • Wydawnictwo Naukowe.
    • 4
    • Kod relacji
    • pbl
    • 9
    • KHW
    • 51208
Data inwentaryzacji Lokalizacja Sygnatura Numer inwentarzowy Status udost. Uwagi nie widoczne w OPAC
BE E.604681retrokonwersja
BES.73232S.73232-6retrokonwersja
BES.73232S.732332retrokonwersja
BES.73232S.73234-3retrokonwersja
BES.73232S.732352retrokonwersja
BES.73232S.732362retrokonwersja
BES.73232S.732372retrokonwersja
BES.73232S.732382retrokonwersja
BES.73232S.732392retrokonwersja
BES.73232S.732402retrokonwersja
BES.73232S.732412retrokonwersja
BES.73232S.732422retrokonwersja
BES.73232S.732432retrokonwersja
BES.73232S.732442retrokonwersja
BES.73232S.732452retrokonwersja
BES.73232S.732462retrokonwersja
BES.73232S.732472retrokonwersja
BES.73232S.732482retrokonwersja
BES.73232S.732492retrokonwersja
BES.73232S.732502retrokonwersja
BES.73232S.732512retrokonwersja
BES.73232S.732522retrokonwersja
BES.73232S.732532retrokonwersja
BES.73232S.732542retrokonwersja
BES.73232S.732552retrokonwersja
BES.73232S.732562retrokonwersja
BES.73232S.732572retrokonwersja
BES.73232S.732582retrokonwersja
BES.73232S.732592retrokonwersja
BES.73232S.732602retrokonwersja
BES.73232S.732612retrokonwersja
BES.73232S.732622retrokonwersja
BES.73232S.732642retrokonwersja
BES.73232S.732652retrokonwersja
BES.73232S.732662retrokonwersja
BES.73232S.732672retrokonwersja
BES.73232S.732682retrokonwersja
BES.73232S.732692retrokonwersja
BES.73232S.732702retrokonwersja
BES.73232S.732712retrokonwersja
 BG Z.1034451 
TS.73232TS.73263-3retrokonwersja